000 00427pab a2200157 454500
008 180718b2005 xxu||||| |||| 00| 0 eng d
100 _aJamshed, Qazi Mohd.
245 _aAbdul Kalam Azad and the issue of self-determination
260 _c2005
300 _ap.589-606.
362 _aJan-Mar
650 _aAzad, Abdul Kalam
650 _aSelf determination
773 _aIndian Journal of Political Science
909 _a67123
999 _c67123
_d67123